Stades Suisses - Statistics

General Stats
  • This quiz has been taken 177 times
  • The average score is 7 of 17
Answers on the Grid
Answers color-coded by a green-red scale on the quiz's grid according to % correct below.
Parc Saint-Jacques
Max Aicher Stadion
Stade olympique de la Pontaise
MHP Arena
Kybunpark
Letzigrund
Brügglifeld
Stade Europa-Park
La Maladière
Rheinpark Stadion
Schützenwiese
Cornaredo
Stade de l'Ill
Stockhorn Arena
Stade de Suisse Wankdorf
Generali Arena
Swissporarena
Stade municipal
La Tuilière
Lidl Arena
Stade de Genève
Stade Gaston Gérard
Tourbillon
Stadio Giuseppe Sinigaglia
Stade de Colovray
 
Answer Stats
Answer % Correct
Bâle Parc Saint-Jacques
78%
Lausanne Stade olympique de la Pontaise
63%
Zürich Letzigrund
56%
Neuchâtel La Maladière
51%
Genève Stade de Genève
48%
Berne Stade de Suisse Wankdorf
48%
Sion Tourbillon
47%
Lausanne La Tuilière
46%
Lucerne Swissporarena
43%
Saint-Galle Kybunpark
40%
Lugano Cornaredo
31%
Winterthour Schützenwiese
30%
Aarau Brügglifeld
28%
Yverdon-les-Bains Stade municipal
28%
Thoune Stockhorn Arena
22%
Nyon Stade de Colovray
21%
Wil Lidl Arena
17%
No matching quizzes found
Score Distribution
Percent of People with Each Score
Percentile by Number Answered
Your Score History
You have not taken this quiz